000 00370nam a2200145 4500
999 _c783
_d783
008 191218b ||||| |||| 00| 0 eng d
082 0 0 _a532
_bG4481
100 _9310
_aGibson, A. H.
245 1 0 _aHydraulics and its Applications
_cby A H Gibson
250 _a5th ed.
260 _aLondon
_bContable
_c1952
300 _axv, 813 p.
650 0 _aHydraulics
942 _2ddc
_cBK